| 000 | 02175nam a22003617a 4500 | ||
|---|---|---|---|
| 001 | 104005 | ||
| 003 | KnowledgeUnlatched | ||
| 005 | 20210303104914.0 | ||
| 006 | m o d | ||
| 007 | cr u|||||||||| | ||
| 008 | 210129p20162020xx o u00| u eng d | ||
| 037 | _5BiblioBoard | ||
| 245 | 0 | 0 |
_aGood Vibrations _bBrian Wilson and the Beach Boys in Critical Perspective / _cPhilip Lambert. |
| 020 | _a9780472902385 | ||
| 024 | 8 | _ahttps://doi.org/10.3998/mpub.9275965 | |
| 029 | 1 | _ahttps://library.biblioboard.com/ext/api/media/ec85813b-9073-4bf9-b668-c51cf47acfea/assets/thumbnail.jpg | |
| 040 |
_aScCtBLL _cScCtBLL |
||
| 506 | 0 |
_aAccess copy available to the general public. _fUnrestricted _2star |
|
| 700 | 1 |
_aLambert, Philip _eeditor. |
|
| 264 | 1 | _bUniversity of Michigan Press, | |
| 300 | _a1 online resource. | ||
| 520 | _aGood Vibrations brings together scholars with a variety of expertise, from music to cultural studies to literature, to assess the full extent of the contributions to popular culture and popular music of one the most successful and influential pop bands of the twentieth century. The book covers the full fifty-year history of the Beach Boys' music, from essays on some of the group's best-known music-such as their hit single "Good Vibrations" -to their mythical unfinished masterpiece, Smile. Throughout, the book places special focus on the individual whose creative vision brought the whole enterprise to life, Brian Wilson, advancing our understanding of his gifts as a songwriter, arranger, and producer. | ||
| 588 | 0 | _aDescription based on print version record. | |
| 590 | _aKU Select 2019: HSS Backlist Books | ||
| 650 | 7 |
_aMusic / History & Criticism _2bisacsh |
|
| 650 | 0 | _aMusic | |
| 655 | 0 | _aElectronic books. | |
| 758 |
_iIs found in: _aKnowledge Unlatched _1https://openresearchlibrary.org/module/2774bc74-146a-484f-a7ba-ab1d6a09bbfb |
||
| 856 | 4 | 0 |
_uhttps://openresearchlibrary.org/content/ec85813b-9073-4bf9-b668-c51cf47acfea _zView this content on Open Research Library. _70 |
| 999 |
_c32898 _d32898 |
||